Ekobnometrické modelovanie príjmov obyvateľov SR bakalárska práca

Saved in:
Bibliographic Details
Main Author: Tóthová, Enikő
Corporate Author: Fakulta hospodárskej informatiky EU. Katedra operačného výskumu a ekonometrie
Other Authors: Furková, Andrea, 1975-
Format: Book
Language:Slovak
Published: Bratislava 2012
Tags: Add Tag
No Tags, Be the first to tag this record!

MARC

LEADER 00000nbm a2200000 4500
001 0156198
005 20161109111944.6
041 0 |a slo 
044 |a SK 
245 1 0 |a Ekobnometrické modelovanie príjmov obyvateľov SR  |b bakalárska práca  |c Enikő Tóthová ; školiteľ: Andrea Furková 
264 1 |a Bratislava  |c 2012 
300 |a 38 s. 
100 1 |a Tóthová, Enikő 
700 1 |a Furková, Andrea, 1975- 
710 2 |a Fakulta hospodárskej informatiky EU. Katedra operačného výskumu a ekonometrie